[Event "Istanbul Bagcilar op"]
[Site "Istanbul"]
[Date "2023.09.08"]
[Round "7"]
[White "Onem, Cem"]
[Black "Topal, Hasan Gokmen"]
[Result "1-0"]
[WhiteElo "1680"]
[BlackElo "1801"]
[PlyCount "241"]
[EventDate "2023.09.03"]
[EventType "swiss"]
[EventRounds "9"]
[EventCountry "TUR"]
[SourceTitle "EXT 2024"]
[Source "ChessBase"]
[SourceDate "2023.10.10"]
[SourceVersion "1"]
[SourceVersionDate "2023.10.10"]
[SourceQuality "1"]

1. d4 Nf6 2. c4 e6 3. Nf3 d5 4. e3 Be7 5. b3 0-0 6. Bd3 c5 7. 0-0 cxd4 8. exd4 Nc6 9. Bb2 b6 10. Nbd2 Nb4 11. Be2 Bb7 12. a3 Nc6 13. Rc1 Rc8 14. Bd3 Nh5 15. g3 g6 16. Qe2 Bf6 17. Qe3 Bg7 18. Rfd1 Re8 19. Bf1 Nf6 20. Bh3 Qe7 21. Re1 Red8 22. c5 bxc5 23. Rxc5 Ne4 24. Rcc1 a5 25. Bf1 Nd6 26. Bd3 Nf5 27. Bxf5 gxf5 28. Qd3 Ra8 29. Rc5 Qd7 30. Rec1 Bf8 31. R5c2 Rdc8 32. Qe3 Qd8 33. Ne1 Na7 34. Nd3 Rxc2 35. Rxc2 Qf6 36. Nc5 Bc6 37. Nf3 Bh6 38. Qe1 a4 39. bxa4 Nc8 40. Ne5 Be8 41. a5 Nd6 42. f3 Qd8 43. a6 Bb5 44. Nb7 Qb6 45. Qb4 Nxb7 46. axb7 Qxb7 47. Rc5 Rb8 48. Rc2 Bf8 49. Qb3 f6 50. Nd3 Bc4 51. Qc3 Qb3 52. Nc5 Bxc5 53. dxc5 Qxc3 54. Bxc3 Rb1+ 55. Kg2 e5 56. Bb4 Kf7 57. Rc3 Rb2+ 58. Kg1 Ke8 59. Rc1 Kd7 60. f4 Kc6 61. fxe5 fxe5 62. Bc3 Re2 63. Bb4 Kb5 64. Rf1 Bd3 65. Rf3 Be4 66. Rc3 d4 67. Rc1 Rg2+ 68. Kf1 Rxh2 69. Be1 Ra2 70. Bb4 Bd5 71. c6 Rh2 72. Rc5+ Kb6 73. Rxd5 Kxc6 74. Rxe5 d3 75. Ke1 Rh3 76. Rxf5 Rxg3 77. Rh5 Rg7 78. Rc5+ Kb6 79. Rd5 Rg3 80. Kd2 Kc6 81. Rh5 Kb6 82. Rh6+ Kb5 83. Rxh7 Kc4 84. Rc7+ Kd4 85. Bc3+ Ke4 86. Rc4+ Kd5 87. Rd4+ Kc5 88. a4 Kc6 89. Rb4 Rh3 90. a5 Rh5 91. Rb6+ Kc7 92. Kxd3 Rh3+ 93. Kc2 Rh2+ 94. Kb3 Rh3 95. Rb4 Rh6 96. Be5+ Kc8 97. Ka4 Re6 98. Bd4 Rg6 99. Bb6 Kb7 100. Kb5 Rg5+ 101. Bc5 Ka8 102. Rf4 Rg8 103. Rf7 Rh8 104. Ka6 Rh6+ 105. Bb6 Rh8 106. Ra7+ Kb8 107. Bc7+ Kc8 108. Ra8+ Kd7 109. Rxh8 Kc6 110. Bh2 Kd7 111. Kb7 Ke6 112. Rh5 Kd7 113. Rd5+ Ke6 114. Kc6 Ke7 115. Rd6 Kf7 116. a6 Ke7 117. a7 Kf7 118. a8R Ke7 119. Ra7+ Ke8 120. Rdd7 Kf8 121. Rd8# 1-0

[Event "TUR-ch Seniors 50"]
[Site "Ankara"]
[Date "2023.05.21"]
[Round "3"]
[White "Garabetyan, Arno"]
[Black "Onem, Cem"]
[Result "1-0"]
[WhiteElo "2047"]
[BlackElo "1686"]
[PlyCount "105"]
[EventDate "2023.05.19"]
[EventType "swiss"]
[EventRounds "9"]
[EventCountry "TUR"]
[SourceTitle "CBM 214 Extra"]
[Source "ChessBase"]
[SourceDate "2023.07.31"]
[SourceVersion "1"]
[SourceVersionDate "2023.07.31"]
[SourceQuality "1"]

1. d4 d5 2. c4 e6 3. Nf3 Nf6 4. g3 Be7 5. Bg2 0-0 6. 0-0 b6 7. cxd5 exd5 8. Bf4 Bb7 9. Qc2 c5 10. Nc3 Nc6 11. Rad1 c4 12. Ne5 Re8 13. Bg5 Nb4 14. Qb1 Rc8 15. a3 Na6 16. Qf5 h6 17. Bxf6 Bxf6 18. Rfe1 g6 19. Qf4 Kg7 20. h4 Nc7 21. Ng4 h5 22. Qh6+ Kg8 23. Nxf6+ Qxf6 24. e4 Red8 25. e5 Qg7 26. Qe3 Re8 27. f4 f5 28. exf6 Qxf6 29. Qd2 Rcd8 30. Re5 Rxe5 31. dxe5 Qe7 32. Kh2 Kg7 33. Qe2 b5 34. Qf2 a6 35. Qb6 Ba8 36. Ne2 Ne6 37. Bh3 Nc7 38. Nd4 Kh7 39. Qa7 Qg7 40. Qb6 Qe7 41. Re1 Rf8 42. f5 gxf5 43. Nxf5 Qf7 44. Qh6+ Kg8 45. Qg5+ Kh7 46. e6 Qg6 47. Qe7+ Kg8 48. Qxc7 Rxf5 49. Bxf5 Qxf5 50. Kg1 Qf8 51. e7 Qe8 52. Qd8 Bc6 53. Rf1 1-0

[Event "TUR-ch Seniors 50"]
[Site "Ankara"]
[Date "2023.05.19"]
[Round "1"]
[White "Onem, Cem"]
[Black "Muti, Erol"]
[Result "1-0"]
[WhiteElo "1686"]
[BlackElo "1187"]
[PlyCount "91"]
[EventDate "2023.05.19"]
[EventType "swiss"]
[EventRounds "9"]
[EventCountry "TUR"]
[SourceTitle "CBM 214 Extra"]
[Source "ChessBase"]
[SourceDate "2023.07.31"]
[SourceVersion "1"]
[SourceVersionDate "2023.07.31"]
[SourceQuality "1"]

1. d4 Nf6 2. c4 e6 3. Nf3 c6 4. e3 Be7 5. b3 d5 6. Bd3 Nbd7 7. 0-0 0-0 8. Bb2 Ne4 9. Nc3 f5 10. Qc2 Ndf6 11. Ne5 Qe8 12. Ne2 g5 13. f3 Nd6 14. Nc3 Nd7 15. Nxd7 Bxd7 16. e4 Qh5 17. exd5 cxd5 18. cxd5 Rac8 19. Qf2 Bf6 20. dxe6 Bxe6 21. Rfe1 Bf7 22. Nb5 Nxb5 23. Bxb5 Rfd8 24. Rad1 Bg7 25. Bd3 f4 26. Re7 Bd5 27. Be4 Bxe4 28. Rxe4 Qf7 29. Qe2 Re8 30. Re1 Rxe4 31. fxe4 h5 32. e5 g4 33. e6 Qe7 34. Qe4 Rf8 35. Bc1 f3 36. gxf3 gxf3 37. Rf1 Qd6 38. Be3 Re8 39. d5 Qe5 40. Qxe5 Bxe5 41. Rxf3 Re7 42. Bc5 Rg7+ 43. Kf1 b6 44. Ba3 Bxh2 45. e7 Rg1+ 46. Kf2 1-0

[Event "Kesan op"]
[Site "Kesan"]
[Date "2022.08.05"]
[Round "6"]
[White "Annaberdiev, Meilis"]
[Black "Onem, Cem"]
[Result "1-0"]
[WhiteElo "2484"]
[BlackElo "1715"]
[PlyCount "67"]
[EventDate "2022.08.02"]
[EventType "swiss"]
[EventRounds "9"]
[EventCountry "TUR"]
[SourceTitle "CBM 209 Extra"]
[Source "ChessBase"]
[SourceDate "2022.09.30"]
[SourceVersion "1"]
[SourceVersionDate "2022.09.30"]
[SourceQuality "1"]

1. e4 e5 2. Nf3 Nc6 3. Bc4 Bc5 4. c3 Nf6 5. d4 exd4 6. e5 d5 7. Bb5 Ne4 8. cxd4 Bb6 9. Nc3 0-0 10. Be3 Bg4 11. Qc2 Bh5 12. h3 Bg6 13. Qb3 a6 14. Be2 Nxc3 15. bxc3 Na5 16. Qb4 c6 17. 0-0 Bc7 18. Bg5 f6 19. Bh4 b5 20. Rfe1 Bf5 21. a4 g5 22. Bg3 Re8 23. axb5 axb5 24. exf6 Bxg3 25. fxg3 h6 26. Ne5 Rf8 27. f7+ Kg7 28. Rf1 Be4 29. Ra2 Nc4 30. Rxa8 Qxa8 31. Bxc4 dxc4 32. Qe7 Qd8 33. Qe6 Bd5 34. Qg6+ 1-0

[Event "TUR Cup"]
[Site "Adapazari"]
[Date "2022.03.30"]
[Round "8"]
[White "Onem, Cem"]
[Black "Tokan, Melih"]
[Result "1/2-1/2"]
[WhiteElo "1778"]
[BlackElo "1321"]
[PlyCount "113"]
[EventDate "2022.03.25"]
[EventType "swiss"]
[EventRounds "11"]
[EventCountry "TUR"]
[SourceTitle "EXT 2023"]
[Source "ChessBase"]
[SourceDate "2022.10.05"]
[SourceVersion "1"]
[SourceVersionDate "2022.10.05"]
[SourceQuality "1"]

1. d4 Nf6 2. c4 e6 3. Nf3 b6 4. e3 Bb7 5. Bd3 Bb4+ 6. Nbd2 0-0 7. 0-0 Bxd2 8. Qxd2 Bxf3 9. gxf3 d6 10. b3 Nbd7 11. Bb2 Nh5 12. Kh1 f5 13. f4 Qh4 14. Rg1 Rf6 15. f3 Rh6 16. Qe1 Qh3 17. Qf2 Nhf6 18. Qg2 Qxg2+ 19. Rxg2 Kf7 20. d5 Nc5 21. dxe6+ Kxe6 22. Bc2 g6 23. b4 Ncd7 24. e4 fxe4 25. fxe4 Rh4 26. Rf1 a5 27. a3 axb4 28. axb4 Rg4 29. Re2 Ke7 30. e5 dxe5 31. fxe5 Nh5 32. Ref2 Rf8 33. Bb3 Rxf2 34. Rxf2 Nf4 35. Rf3 Ne6 36. Re3 c5 37. Bc3 Nd4 38. Bd1 Rf4 39. Kg2 Nf5 40. Rh3 h5 41. Be2 Ke6 42. bxc5 bxc5 43. Rd3 Rxc4 44. Rg3 Rg4 45. Bxg4 hxg4 46. Rd3 Nxe5 47. Bxe5 Kxe5 48. Rd8 c4 49. Kf2 c3 50. Ke2 Nd4+ 51. Ke3 c2 52. Rc8 Nf3 53. Rxc2 Kf5 54. Rc5+ Kf6 55. h3 Ne5 56. hxg4 Nxg4+ 57. Kf3 1/2-1/2

[Event "TUR Cup"]
[Site "Antalya"]
[Date "2020.01.29"]
[Round "5"]
[White "Onem, Cem"]
[Black "Hanci, Ilker"]
[Result "0-1"]
[WhiteElo "1805"]
[BlackElo "1571"]
[PlyCount "86"]
[EventDate "2020.01.26"]
[EventType "swiss"]
[EventRounds "11"]
[EventCountry "TUR"]
[SourceTitle "CBM 194 Extra"]
[Source "ChessBase"]
[SourceDate "2020.03.31"]
[SourceVersion "1"]
[SourceVersionDate "2020.03.31"]
[SourceQuality "1"]

1. d4 Nf6 2. c4 g6 3. Nc3 d5 4. Nf3 Bg7 5. e3 0-0 6. Bd3 c5 7. 0-0 cxd4 8. Nxd4 Nc6 9. Nxc6 bxc6 10. Qc2 e5 11. Rd1 e4 12. Be2 Qc7 13. h3 Be6 14. Na4 Rfd8 15. Bd2 Rab8 16. Nc5 Bc8 17. Bc3 Qe7 18. Bd4 Nd7 19. Nxd7 Rxd7 20. Rab1 Bxd4 21. Rxd4 Qe5 22. Rbd1 c5 23. Rxd5 Rxd5 24. Rxd5 Qxb2 25. Rd8+ Kg7 26. Qxe4 Bf5 27. Qe8 Rxd8 28. Qxd8 Qxe2 29. Qd5 Qe1+ 30. Kh2 Qc3 31. Qxc5 a5 32. Qc7 Be6 33. c5 Bxa2 34. Qa7 Be6 35. c6 Qa1 36. c7 a4 37. Qb6 Qc3 38. Qa7 a3 39. g4 a2 40. c8Q Qxc8 41. Qd4+ Kg8 42. Kg3 Qa8 43. Qa1 Qb8+ 0-1

[Event "TUR Cup"]
[Site "Antalya"]
[Date "2020.01.28"]
[Round "4"]
[White "Baylav, Can"]
[Black "Onem, Cem"]
[Result "1-0"]
[WhiteElo "2176"]
[BlackElo "1805"]
[PlyCount "75"]
[EventDate "2020.01.26"]
[EventType "swiss"]
[EventRounds "11"]
[EventCountry "TUR"]
[SourceTitle "CBM 194 Extra"]
[Source "ChessBase"]
[SourceDate "2020.03.31"]
[SourceVersion "1"]
[SourceVersionDate "2020.03.31"]
[SourceQuality "1"]

1. e4 e5 2. Nf3 Nc6 3. Bb5 a6 4. Ba4 Nf6 5. 0-0 Be7 6. Re1 b5 7. Bb3 d6 8. c3 Na5 9. Bc2 c5 10. d4 Qc7 11. d5 0-0 12. h3 Nc4 13. b3 Nb6 14. a4 h6 15. Qe2 bxa4 16. bxa4 Re8 17. Nbd2 Bf8 18. a5 Nbd7 19. Nc4 Rb8 20. Ba4 Rd8 21. Bd2 Bb7 22. g4 Be7 23. Bc2 Ba8 24. Kh2 Rdc8 25. g5 hxg5 26. Bxg5 Bb7 27. Rg1 Nf8 28. Nh4 Qd8 29. Nf5 g6 30. Bxf6 Bxf6 31. Nfxd6 Rc7 32. Nxb7 Rcxb7 33. Qe3 Nd7 34. Rg2 Kh7 35. Nd6 Rb2 36. Nxf7 Qe7 37. Qh6+ Kg8 38. Qxg6+ 1-0

[Event "TUR Cup"]
[Site "Antalya"]
[Date "2019.01.27"]
[Round "1"]
[White "Onem, Cem"]
[Black "Durak, Behzat"]
[Result "1-0"]
[WhiteElo "1840"]
[BlackElo "1570"]
[PlyCount "54"]
[EventDate "2019.01.27"]
[EventType "swiss"]
[EventRounds "11"]
[EventCountry "TUR"]
[SourceTitle "CBM 188 Extra"]
[Source "ChessBase"]
[SourceDate "2019.02.26"]
[SourceVersion "1"]
[SourceVersionDate "2019.02.26"]
[SourceQuality "1"]

1. d4 c6 2. c4 d5 3. Nf3 Bg4 4. Ne5 Bd7 5. Qb3 dxc4 6. Qxb7 f6 7. Qxa8 fxe5 8. Qxa7 exd4 9. Bf4 e5 10. Bxe5 Bb4+ 11. Kd1 Nf6 12. Qxb8 Qxb8 13. Bxb8 0-0 14. Bg3 c5 15. Nd2 c3 16. bxc3 Bxc3 17. Rb1 Ba4+ 18. Kc1 Rc8 19. e3 h6 20. Bc4+ Kh8 21. Rb8 Rxb8 22. Bxb8 Ng4 23. Ne4 Bb4 24. h3 Ba3+ 25. Kd2 Bc6 26. hxg4 Bxe4 27. f3 Bb4+ 1-0

[Event "Kesan op 16th"]
[Site "Kesan"]
[Date "2018.08.13"]
[Round "2"]
[White "Onem, Cem"]
[Black "Iskandarov, Misratdin"]
[Result "1/2-1/2"]
[WhiteElo "1834"]
[BlackElo "2486"]
[PlyCount "214"]
[EventDate "2018.08.12"]
[EventType "swiss"]
[EventRounds "9"]
[EventCountry "TUR"]
[SourceTitle "CBM 186 Extra"]
[Source "ChessBase"]
[SourceDate "2018.08.24"]
[SourceVersion "1"]
[SourceVersionDate "2018.08.24"]
[SourceQuality "1"]

1. d4 d6 2. e4 g6 3. c4 Bg7 4. Nc3 Nf6 5. f3 0-0 6. Nge2 e5 7. Be3 exd4 8. Nxd4 Re8 9. Qd2 c6 10. 0-0-0 Na6 11. Nc2 Be6 12. Be2 Nd7 13. Nd4 Nac5 14. Kb1 a5 15. g4 a4 16. Nxe6 Rxe6 17. Bd4 Bxd4 18. Qxd4 Qg5 19. h4 Qf4 20. h5 g5 21. Qd2 Qe5 22. Qc2 Rf6 23. Rd2 h6 24. Rf1 Qe7 25. Nd1 Ra6 26. Qc3 Re6 27. Ne3 Qf6 28. Qxf6 Nxf6 29. Nf5 Ne8 30. Rfd1 Ra8 31. Nxd6 Nxd6 32. Rxd6 Kf8 33. Rd8+ Re8 34. Rxe8+ Kxe8 35. Rd2 Ke7 36. Bd1 Ke6 37. Kc2 Nd7 38. Kc3 c5 39. b3 axb3 40. Bxb3 Ne5 41. Bd1 Nxf3 42. Rd5 b6 43. a4 Ne5 44. Kb3 Nd7 45. Bf3 Ne5 46. Be2 Nc6 47. Bd1 f6 48. Kc3 Ra7 49. Bc2 Ke7 50. Bd1 Rd7 51. Be2 Rd6 52. Bf3 Nb4 53. Rd2 Ke6 54. Bd1 Nc6 55. Rd5 Nb4 56. Rd2 Ke5 57. Rxd6 Kxd6 58. Kd2 Nc6 59. Ke3 Nd4 60. Kd3 Ke6 61. Kd2 Ke5 62. Ke3 Nc6 63. Bc2 Kd6 64. Bd1 Kc7 65. Kd3 Kb7 66. Kc3 Nd4 67. Kd3 Nc6 68. Kc3 Ne5 69. Be2 Kc7 70. Kd2 Kc6 71. Kc3 Kd6 72. Kd2 Nc6 73. Kd3 Ke6 74. Kd2 Na5 75. Kd3 Nb3 76. Bd1 Nd4 77. Kd2 Ke5 78. Ke3 Ne6 79. Be2 Nd8 80. Bd1 Nb7 81. Bc2 Na5 82. Bd3 Nb7 83. Bc2 Nd6 84. Bd3 Ke6 85. Kd2 Kd7 86. Kc2 Kc6 87. Kc3 Nf7 88. Be2 Nd6 89. Bd3 Kc7 90. Kc2 Kb7 91. Kc3 Ka6 92. Kc2 Ka5 93. Kb3 Nf7 94. Bf1 Nd8 95. Be2 Ne6 96. Bd1 Nf4 97. Kc3 Nh3 98. Kb3 Nf2 99. Bf3 Nd3 100. Bd1 Ka6 101. Kc3 Nb4 102. Be2 Nc6 103. Bd1 Ka7 104. Be2 Ne5 105. Kc2 Kb7 106. Kc3 Kc7 107. Kd2 Nf7 1/2-1/2

[Event "Kesan op 15th"]
[Site "Kesan"]
[Date "2017.08.17"]
[Round "7"]
[White "Ozalp, Burak"]
[Black "Onem, Cem"]
[Result "1-0"]
[WhiteElo "2129"]
[BlackElo "1819"]
[PlyCount "69"]
[EventDate "2017.08.13"]
[EventType "swiss"]
[EventRounds "9"]
[EventCountry "TUR"]
[SourceTitle "CBM 180 Extra"]
[Source "ChessBase"]
[SourceDate "2017.10.06"]
[SourceVersion "1"]
[SourceVersionDate "2017.10.06"]
[SourceQuality "1"]

1. e4 e5 2. Nf3 Nc6 3. Bc4 Bc5 4. c3 Nf6 5. d3 d6 6. 0-0 0-0 7. a4 a6 8. Na3 h6 9. Nc2 Ba7 10. Be3 Re8 11. Bxa7 Nxa7 12. Ne3 c6 13. Qb3 Qc7 14. a5 Nb5 15. Nh4 Be6 16. Bxe6 fxe6 17. f4 d5 18. fxe5 Qxe5 19. Nf3 Qf4 20. Rae1 dxe4 21. Nd2 Qh4 22. Nf5 Qg5 23. Nxe4 Nxe4 24. Rxe4 Nc7 25. Qc4 h5 26. h4 Qd2 27. d4 Nd5 28. Re2 b5 29. Rxd2 bxc4 30. Nd6 Re7 31. Nxc4 Rc7 32. Re1 Re8 33. Nd6 Ree7 34. c4 Rcd7 35. Nc8 1-0

[Event "TUR Cup"]
[Site "Antalya"]
[Date "2017.01.30"]
[Round "4"]
[White "Mangal, Ali"]
[Black "Onem, Cem"]
[Result "0-1"]
[WhiteElo "1731"]
[BlackElo "1823"]
[PlyCount "114"]
[EventDate "2017.01.28"]
[EventType "swiss"]
[EventRounds "11"]
[EventCountry "TUR"]
[SourceTitle "CBM 176 Extra"]
[Source "ChessBase"]
[SourceDate "2017.03.02"]
[SourceVersion "1"]
[SourceVersionDate "2017.03.02"]
[SourceQuality "1"]

1. d4 d5 2. c4 e6 3. Nc3 Nf6 4. Bg5 Be7 5. e3 0-0 6. Rc1 b6 7. Nf3 Bb7 8. Bd3 Nbd7 9. cxd5 exd5 10. 0-0 c5 11. Bb1 h6 12. Bh4 c4 13. Re1 a6 14. Ne5 b5 15. a3 Re8 16. f4 Nf8 17. Rf1 N6d7 18. Bxe7 Rxe7 19. Rf3 f6 20. Nxd7 Qxd7 21. Rg3 Rae8 22. Qf3 Bc6 23. Re1 a5 24. Qh5 Kh8 25. Nd1 Qd6 26. h3 b4 27. axb4 axb4 28. Rf1 Bb5 29. Rf2 Ba4 30. Bc2 Bxc2 31. Rxc2 Kh7 32. Rf3 g6 33. Qh4 f5 34. g4 Qc7 35. Rg2 Rf7 36. Qe1 Qd6 37. Qd2 Nd7 38. Rfg3 Nf6 39. Nf2 fxg4 40. hxg4 Ne4 41. Nxe4 Rxe4 42. Rh3 Kg7 43. Rgh2 Qe6 44. Rg2 Qd6 45. Rgh2 Qd7 46. Qg2 Qa4 47. Qf1 Qb3 48. Rxh6 Qxe3+ 49. Kh1 Rfxf4 50. Rh7+ Kf6 51. g5+ Ke6 52. Qh3+ Qxh3 53. R2xh3 Re2 54. Kg1 Rxd4 55. Kf1 Rxb2 56. Re3+ Re4 57. Rf3 c3 0-1

[Event "SB-2016-0-00466"]
[Site "LSS email"]
[Date "2016.09.15"]
[Round "?"]
[White "Ederer, Karel"]
[Black "Onem, Cem"]
[Result "1/2-1/2"]
[WhiteElo "1984"]
[BlackElo "1842"]
[PlyCount "41"]
[EventDate "2016.09.01"]
[EventType "tourn (corr)"]
[EventRounds "6"]
[EventCountry "GER"]
[SourceTitle "Corr 2022"]
[Source "ChessBase"]
[SourceDate "2021.10.24"]
[SourceVersion "1"]
[SourceVersionDate "2021.10.24"]
[SourceQuality "1"]

1. e4 e5 2. Nf3 Nc6 3. Bb5 Nf6 4. 0-0 Nxe4 5. d4 Nd6 6. Bxc6 dxc6 7. dxe5 Nf5 8. Qxd8+ Kxd8 9. Nc3 Ke8 10. h3 h5 11. Bf4 Be7 12. Rad1 Be6 13. Ng5 Rh6 14. Rfe1 Bb4 15. Nge4 Rg6 16. Kh2 b6 17. a3 Be7 18. Rd2 Rd8 19. Red1 Rxd2 20. Rxd2 h4 21. f3 1/2-1/2

[Event "Istanbul op"]
[Site "Istanbul"]
[Date "2016.08.30"]
[Round "2"]
[White "Onem, Cem"]
[Black "Zubarev, Alexander2222"]
[Result "0-1"]
[WhiteElo "1887"]
[BlackElo "2557"]
[PlyCount "54"]
[EventDate "2016.08.29"]
[EventType "swiss"]
[EventRounds "9"]
[EventCountry "TUR"]
[SourceTitle "CBM 174 Extra"]
[Source "ChessBase"]
[SourceDate "2016.10.10"]
[SourceVersion "1"]
[SourceVersionDate "2016.10.10"]
[SourceQuality "1"]

1. d4 Nf6 2. c4 g6 3. Nc3 Bg7 4. e4 d6 5. Nf3 0-0 6. Be2 Bg4 7. 0-0 Nfd7 8. h3 Bxf3 9. Bxf3 Nc6 10. Be3 e5 11. dxe5 dxe5 12. Bg4 Nd4 13. f4 Nc5 14. fxe5 Bxe5 15. Nd5 Nce6 16. Qd2 c6 17. Bxe6 Nxe6 18. Nc3 Qxd2 19. Bxd2 Rfd8 20. Rad1 Kf8 21. Be3 b6 22. a4 Ke7 23. Kf2 Nc5 24. Bxc5+ bxc5 25. Ke3 Rdb8 26. Rd2 Rb3 27. Rc1 Bg7 0-1

[Event "Kesan op 14th"]
[Site "Kesan"]
[Date "2016.08.15"]
[Round "3"]
[White "Onem, Cem"]
[Black "Rahmanov, Shahriyar Teymur Og"]
[Result "0-1"]
[WhiteElo "1887"]
[BlackElo "2332"]
[PlyCount "54"]
[EventDate "2016.08.14"]
[EventType "swiss"]
[EventRounds "9"]
[EventCountry "TUR"]
[SourceTitle "CBM 173 Extra"]
[Source "ChessBase"]
[SourceDate "2016.08.29"]
[SourceVersion "1"]
[SourceVersionDate "2016.08.29"]
[SourceQuality "1"]

1. d4 g6 2. c4 Bg7 3. Nc3 f5 4. g3 Nf6 5. Bg2 0-0 6. Nf3 d6 7. 0-0 Nc6 8. d5 Na5 9. Nd2 c5 10. Rb1 e5 11. a3 b6 12. b4 Nb7 13. e4 Bd7 14. b5 Na5 15. Qe2 f4 16. Nb3 Nxb3 17. Rxb3 Qc8 18. gxf4 Nh5 19. f5 Nf4 20. Bxf4 exf4 21. Bf3 Be5 22. fxg6 Bh3 23. Rc1 Rf6 24. g7 Qd8 25. Kh1 Rh6 26. Rg1 Qh4 27. Nd1 Bf1 0-1